| 000 | 00695cab a2200217 4500 | ||
|---|---|---|---|
| 001 | WB3318-03 | ||
| 008 | 090401t1997 xxu||||| |||| 00| 0 eng d | ||
| 035 | _a(Sirsi) u78250 | ||
| 041 | _aeng | ||
| 245 | _aInsurer covers disputes | ||
| 260 | _c1997 | ||
| 350 | _a0 | ||
| 490 |
_aConstruction News _v(6514) 8 May 1997, 3(1) |
||
| 520 | _aContractors can now take out insurance against legal costs incurred during court battles with the tax man and health and safety officials. | ||
| 650 | _aABBEY LEGAL PROTECTION | ||
| 650 | _aCONSTRUCTION INSURANCE | ||
| 650 |
_aHEALTH AND SAFETY _96244 |
||
| 690 | _aBUILT ENVIRONMENT-BUILDING CONTRACT FORMS | ||
| 942 | _n0 | ||
| 948 | _c08/05/1997 | ||
| 999 |
_c49252 _d49252 |
||